000 00777cam a22002653a 4500
001 20236
003 PGUSA
005 20140828083428.0
008 061231s2006||||xxu|||||s|||||000 | eng d
040 _aPGUSA
_beng
042 _adc
050 4 _aPS
100 1 _aFreeley, Mary Belle
245 1 0 _aFair to Look Upon
_h[electronic resource] /
_cMary Belle Freeley
260 _bProject Gutenberg,
_c2006
506 _aPublic domain in the USA.
516 _aElectronic text
653 _aSex role -- Biblical teaching -- Humor
653 _aWomen in the Bible -- Humor
653 _aDomestic relations -- Biblical teaching -- Humor
700 1 _aDodge, W. L.
830 0 _aProject Gutenberg
_v20236
856 4 0 _uhttp://www.gutenberg.org/ebooks/20236
942 _cEB
999 _c249491
_d249491